000 00249nam a2200097Ia 4500
001 709722
005 20250826162552.0
008 250824s9999 xx 000 0 und d
245 0 _aBİLGİSAYARLAR VE ROBOTLAR
_cPETER CLAUSEN
260 _bTUDEM YAYINLARI
999 _c709722
_d709722